Historia de España
Salvato in:
| Autore principale: | |
|---|---|
| Natura: | Libro |
| Lingua: | spagnolo |
| Pubblicazione: |
Barcelona, España
Ramón Sopena
1931
|
| Serie: | Biblioteca Hispania
|
| Soggetti: | |
| Tags: |
Aggiungi Tag
Nessun Tag, puoi essere il primo ad aggiungerne!!
|
MARC
| LEADER | 00000nam a2200000 a 4500 | ||
|---|---|---|---|
| 001 | UCI2368 | ||
| 003 | CL-VaPUC | ||
| 005 | 20220722091546.0 | ||
| 008 | 070817e19310000SP |||||||||||||||||spa|d | ||
| 999 | |c 326971 |d 326969 | ||
| 040 | |c Pontificia Universidad Católica de Valparaíso | ||
| 082 | 0 | 4 | |a 946 BLA 1931 |2 21 |
| 100 | |a Blánquez Fraile, Agustín |e autor |9 318621 | ||
| 245 | 1 | 0 | |a Historia de España |
| 260 | |a Barcelona, España |b Ramón Sopena |c 1931 | ||
| 300 | |a 912 páginas | ||
| 490 | 0 | |a Biblioteca Hispania | |
| 500 | |a Donación Padres Capuchinos | ||
| 583 | |a last modification |c 20070817 00:00:00 |k Rodrigo Vera | ||
| 650 | 0 | |a Historia de España |9 315435 | |
| 650 | 0 | |a Edad media |z ESPAÑA |9 258041 | |
| 942 | |c BK |2 ddc | ||
| 945 | |d 20070817 00:00:00 |a jtorresc | ||
| 952 | |0 0 |1 0 |2 ddc |4 0 |6 946_000000000000000_BLA_1931 |7 0 |8 X |9 409301 |a BIBHIS |b BIBHIS |d 2019-11-22 |i 436323K |o 946 BLA 1931 |p 436323K |r 2024-01-30 |t 1 |w 2019-11-22 |y BK_X |k HIS | ||